000 00648nam a2200205 i 4500
001 64717
003 ES-MaACL
005 20230906165208.0
007 t|
008 040105s1966 sp ||||1| spa d
100 1 _aFornari, Franco.
_951769
245 1 3 _aLa vida afectiva originaria del niño /
_cFranco Fornari ; [traducción por Alberto Rueda Estrada].
260 _aMadrid :
_bFax,
_c1966.
300 _a242 p. ;
_c20 cm.
490 1 _aPsicología, medicina, pastoral
700 1 _aRueda Estrada, Alberto.
_9100522
830 0 _aPsicología, medicina, pastoral
_9180800
852 _aES-MaACL
_jC-30006
_bR.60519
999 _c64717
_d64717